Countries of the World (A-F) - Sudden Death - Statistics

General Stats
  • This quiz has been taken 3,216 times
    3,202 since last reset
  • The average score is 48 of 61
Answers on the Grid
Answers color-coded by a green-red scale on the quiz's grid according to % correct below.
Abyssinia
Afghanistan
Albania
Algeria
Anatolia
Andalusia
Andorra
Angola
Antigua and Barbuda
Aragon
Argentina
Armenia
Aruba
Atlantis
Australia
Austria
Azerbaijan
Bahamas
Bahrain
Bangladesh
Barbados
Bavaria
Belarus
Belgium
Belize
Benin
Bhutan
Bohemia
Bolivia
Bonaire
Borneo
Bosnia and
Herzegovina
Botswana
Brazil
Brunei
Bulgaria
Burkina Faso
Burundi
Cambodia
Cameroon
Canada
Canary Islands
Cape Verde
Catalonia
Central African
Republic
Chad
Chile
China
Colombia
Comoros
Cook Islands
Corsica
Costa Rica
Crete
Crimea
Croatia
Cuba
Curacao
Cyprus
Czech Republic
Czechoslovakia
Darfur
Democratic Republic
of the Congo
Denmark
Djibouti
Dominica
Dominican Republic
Dominique
East Pakistan
East Timor
Ecuador
Egypt
El Salvador
Equatorial Guinea
Eritrea
Estonia
Eswatini
Ethiopia
Federated States of
Micronesia
Fiji
Finland
Flanders
Formosa
France
Friesland
 
Answer Stats
Answer % Correct
Afghanistan
95%
Albania
94%
Algeria
94%
Andorra
94%
Argentina
94%
Angola
92%
Armenia
91%
Austria
89%
Antigua and Barbuda
88%
Australia
86%
Azerbaijan
86%
Bangladesh
85%
Barbados
85%
Belarus
85%
Belgium
85%
Bulgaria
85%
Canada
85%
Bahamas
84%
Bahrain
84%
Bhutan
84%
Bolivia
84%
Brazil
84%
Belize
83%
Benin
83%
Bosnia and
Herzegovina
83%
Chad
83%
Botswana
82%
Cambodia
82%
Cameroon
82%
Burkina Faso
81%
Chile
81%
Colombia
81%
Brunei
80%
China
80%
Burundi
79%
Croatia
79%
Cape Verde
78%
Cuba
78%
Central African
Republic
77%
Costa Rica
77%
Cyprus
76%
Czech Republic
76%
Comoros
73%
Denmark
73%
Democratic Republic
of the Congo
72%
Djibouti
70%
Dominican Republic
70%
Egypt
70%
Ecuador
69%
El Salvador
69%
Estonia
69%
Ethiopia
69%
Finland
69%
France
69%
Fiji
68%
Dominica
67%
East Timor
67%
Equatorial Guinea
67%
Eswatini
67%
Eritrea
66%
Federated States of
Micronesia
66%
No matching quizzes found
Score Distribution
Percent of People with Each Score
Percentile by Number Answered
Your Score History
You have not taken this quiz since the last reset